MARC

LEADER 00000nas a2200000 i 4500
001 ssj0001343151
003 WaSeSS
005 20200512172242.0
006 m d
007 cr n
008 140820d20142017nyuuu pos 0 a0eng c
010 |a  2014222076 
016 7 |a 101641951  |2 DNLM 
016 7 |a 019257832  |2 Uk 
022 |a 2356-7872  |l 2356-7872 
035 |a (WaSeSS)ssj0001343151 
040 |a CLU  |b eng  |e pn  |c CLU  |d CLU  |d OCLCF  |d NLM  |d OCLCO  |d DLC  |d OCLCO  |d CUS  |d CASUM  |d OCLCO  |d NLM  |d OCLCO  |d AU@  |d OCLCA  |d UKMGB  |d WaSeSS 
042 |a pcc 
050 0 0 |a R11 
060 0 0 |a W1 
210 1 0 |a Int Sch Res Notices  |2 dnlm 
210 0 |a Int. sch. res. notices 
222 0 |a International scholarly research notices  |b (Online) 
245 0 0 |a International scholarly research notices  |h [electronic resource]. 
260 |a New York, NY :  |b Hindawi Publishing Corporation 
362 1 |a Began with year 2014; ceased with Volume 2017 (2017) 
500 |a "International Scholarly Research Notices has been established in mid 2014 by merging the individual journals of the ISRN series into a single journal"--About this journal page. 
500 |a Consists of articles separated into dozens of subject areas, reflecting what were previously individual titles, each one beginning with "ISRN [specific subject area]." 
506 |a License restrictions may limit access. 
515 |a Articles added intermittently throughout the year, grouped by year, with each article also assigned an article ID no. 
588 |a Description based on: Volume 2013; title from table of contents (publisher's Website, viewed on August 19, 2014). 
588 |a Latest issue consulted: Volume 2016, article ID 1268149 (viewed March 1, 2016). 
650 0 |a Medical sciences  |v Periodicals. 
650 0 |a Life sciences  |v Periodicals. 
650 0 |a Medicine  |v Periodicals. 
650 0 |a Science  |v Periodicals. 
650 1 2 |a Biomedical Technology. 
650 1 2 |a Biological Science Disciplines. 
650 1 2 |a Medicine. 
650 7 |a Life sciences.  |2 fast  |0 (OCoLC)fst00998323 
650 7 |a Medical sciences.  |2 fast  |0 (OCoLC)fst01014601 
650 7 |a Medicine.  |2 fast  |0 (OCoLC)fst01014893 
650 7 |a Science.  |2 fast  |0 (OCoLC)fst01108176 
655 0 |a Electronic journals. 
710 2 |a Hindawi Publishing Corporation. 
850 |a DLC 
856 4 0 |z Full text available from Research Library: 01/01/2014 to 01/31/2017  |u https://search.proquest.com/publication/2036225